000 01021cam a2200277 p 4500
005 20131029075533.0
008 760916s1976 sz a b 000 0 eng
020 _a3764308222 :
041 0 _aeng
080 _a30
245 0 0 _aSystems theory in the social sciences :
_c[edited by] Hartmut Bossel, Salomon Klaczko, Norbert Müller.
260 _aBasel :
_bBirkhäuser,
_c1976.
300 _a552 p. :
_bill. ;
_c23 cm.
490 1 _aISR, Interdisciplinary systems research ;
_v20
500 _aForeword : f. 5
504 _aIncludes bibliographies.
650 0 _aShkencat shoqërore
_xMetodologjia
650 0 _aTeoria e sistemeve
650 0 _aShkencat shoqërore
_xMetodat e simulimit
650 0 _aAnaliza e sistemeve
700 1 _aBossel, Hartmut.
700 1 _aKlaczko-Ryndziun, Salomon.
700 1 _aMüller, Norbert,
_d1945-
830 0 _aInterdisciplinary systems research ;
_v20.
942 _2udc
_cBK
999 _c200
_d200